Drake Songs by Synonyms #3 - Statistics

General Stats
  • This quiz has been taken 28 times
  • The average score is 6 of 20
Answer Stats
Hint Answer % Correct
Currently Giggle, Later Weep Laugh Now Cry Later
71%
Polite Without Reason Nice for What
57%
Wealthy Father of my Kid Rich Baby Daddy
57%
Prizes Trophies
52%
Wishes and Requirements Wants and Needs
52%
Solid Water Liquefies Ice Melts
48%
Perish in an Attempt Die Trying
43%
Plane Seats Reserved Flight's Booked
43%
Zero Chums at Work No Friends in the Industry
43%
Wishes Cash Can Purchase Dreams Money Can Buy
38%
Italian Cow Skin Tuscan Leather
38%
Myth Legend
33%
What Is Hades' Decision What Would Pluto Do
14%
Not My Concern Don't Matter to Me
10%
Impress Me Make Me Proud
10%
More Than Enough Too Much
10%
Togetherness Company
5%
Zero Phonies No Frauds
5%
Fanfare Hype
0%
Indelible Unforgettable
0%
No matching quizzes found
Score Distribution
Percent of People with Each Score
Percentile by Number Answered
Your Score History
You have not taken this quiz